Statistics for Switzerland 2018 FIFA World Cup Squad

Click here to take the quiz!

General Stats

  • This quiz has been taken 507 times
    (440 since last reset)
  • The average score is 14 of 24

Answer Stats

PositionPlayerClub% Correct
MFGranit XhakaArsenal
95%
GKYann SommerBorussia Mönchengladbach
95%
MFXherdan ShaqiriStoke City
91%
GKRoman BürkiBorussia Dortmund
82%
FWBreel EmboloSchalke 04
78%
DFRicardo RodríguezMilan
76%
FWHaris SeferovićBenfica
75%
DFStephan LichtsteinerJuventus
73%
DFManuel AkanjiBorussia Dortmund
65%
DFFabian SchärDeportivo La Coruña
61%
MFRemo FreulerAtalanta
56%
DFNico ElvediBorussia Mönchengladbach
55%
MFDenis ZakariaBorussia Mönchengladbach
54%
MFSteven Zuber1899 Hoffenheim
51%
MFValon BehramiUdinese
46%
MFBlerim DžemailiBologna
45%
GKYvon MvogoRB Leipzig
45%
FWJosip DrmićBorussia Mönchengladbach
42%
CoachVladimir Petković/
42%
FWMario GavranovićDinamo Zagreb
39%
DFMichael LangBasel
37%
MFGelson FernandesEintracht Frankfurt
35%
DFJohan DjourouAntalyaspor
35%
DFFrançois MoubandjeToulouse
26%

Score Distribution

Percentile by Number Answered

Percent of People with Each Score

Your Score History

You have not taken this quiz since the last reset